000 00607nam a22002057a 4500
003 OSt
005 20260421074109.0
008 260421b |||||||| |||| 00| 0 eng d
020 _a978-621-02-0654-8
040 _aDWCL Main Lib.
_cOC
082 _a158 D343f 2019
100 _aDelavin, Chino
245 _aFar from Familiar
_cChino Delavin
260 _aQuezon City :
_bCentral book supply,
_cc2019.
300 _a174 pages:
_billustration;
_c17 cm.
650 _a1. Delavin, Chino -- Autobiography
650 _a2. Self improvement
650 _a3. Travel writing
942 _2ddc
_cBK-FIL
_hFil.
_n0
999 _c9595
_d9595